BRAIN TEASERS FOR TEAM LEADERS (Record no. 3574)
[ view plain ]
| 000 -LEADER | |
|---|---|
| fixed length control field | 00342nam a2200133Ia 4500 |
| 008 - FIXED-LENGTH DATA ELEMENTS--GENERAL INFORMATION | |
| fixed length control field | 240624s9999 xx 000 0 und d |
| 041 ## - LANGUAGE CODE | |
| Language code of text/sound track or separate title | eng |
| 082 ## - DEWEY DECIMAL CLASSIFICATION NUMBER | |
| Classification number | 658.3128 BEN |
| 100 ## - MAIN ENTRY--PERSONAL NAME | |
| Personal name | BENDALY LESLIE |
| 245 ## - TITLE STATEMENT | |
| Title | BRAIN TEASERS FOR TEAM LEADERS |
| 260 ## - PUBLICATION, DISTRIBUTION, ETC. | |
| Date of publication, distribution, etc. | 2005 |
| Place of publication, distribution, etc. | New Delhi |
| Name of publisher, distributor, etc. | Tata McGrawhill |
| 300 ## - PHYSICAL DESCRIPTION | |
| Extent | v, : 326 : p. : cm. ; 28 |
| 365 ## - TRADE PRICE | |
| Currency code | RS |
| Withdrawn status | Lost status | Damaged status | Not for loan | Home library | Current library | Shelving location | Date acquired | Source of acquisition | Cost, normal purchase price | Total Holds | Full call number | Barcode | Date last seen | Copy number | Price effective from | Koha item type |
|---|---|---|---|---|---|---|---|---|---|---|---|---|---|---|---|---|
| IMTN | IMTN | Rack 26-A | 06/05/2006 | WBD | 375.00 | 266 | 658.3128 BEN | 3574 | 06/24/2024 | 1 | 06/24/2024 | Books |